000 00496nam a22001937a 4500
003 MPLRDC
005 20220104142718.0
008 210129b ||||| |||| 00| 0 eng d
020 _a978-986-177-695-8
082 _a411.3 MUR
100 _aDR. FERID MURAD、陈振兴 合著
245 _a穆拉德一氧化氮
_c
250 _a改版
260 _a台湾
_b晨星出版有限公司
_c2013
300 _b247
490 _a健康与饮食: 52
650 _a营养
942 _cBK
_o411.3 MUR
999 _c33101
_d33091